000 01246nam a22003857a 4500
001 16414883
003 OSt
005 20210423063437.0
008 920428t19871981nyu b 000 0 eng d
010 _a 97815275
020 _a0440136903
020 _a0440136903 (pbk.)
035 _a(OCoLC)ocm25727453
040 _aSGR
_cSGR
_dDAB
_dDLC
_beng
041 _aeng
043 _an-us---
050 0 0 _aCPB Box no. 529 vol. 4
080 _a821.111
_bH-70
100 1 _aHite, Shere.
245 1 4 _aThe Hite report :
_ba nationwide study of female sexuality /
_c/ by: A Dell Book
260 _aNew York
_bA Dell Book
_c1987, c1981.
300 _a664 p.
_c18 cm.
365 _b3.95 usd
500 _a"Two previous editions"--Verso t.p.
500 _a"A Dell book."
504 _aIncludes bibliographical references (p.[661]-664).
650 0 _aWomen
_zUnited States
_xSexual behavior.
650 0 _aEnglish literature
_9254
650 0 _aSexual behavior surveys
_zUnited States.
650 0 _aFemale orgasm.
653 _aინგლისური ლიტერატურა
710 2 _aCopyright Paperback Collection (Library of Congress)
_5DLC
906 _a7
_bcbc
_ccopycat
_d2
_encip
_f19
_gy-genrareb
942 _2udc
_cBK
999 _c1528
_d1528